Pirañas / (Record no. 190529)

MARC details
000 -LEADER
campo de control de longitud fija 00840nam a22002535 4500
001 - NÚMERO DE CONTROL
campo de control 190529
003 - IDENTIFICADOR DE NÚMERO DE CONTROL
campo de control SpMaBN
005 - FECHA Y HORA DE LA ÚLTIMA TRANSACCIÓN
campo de control 20250912063058.0
008 - DATOS DE LONGITUD FIJA--INFORMACIÓN GENERAL
campo de control de longitud fija 210819s1991 sp 001 f spa
020 ## - NÚMERO INTERNACIONAL ESTÁNDAR DEL LIBRO
Número Internacional Estándar del Libro 84-08-01499-4
080 ## - NÚMERO DE LA CLASIFICACIÓN DECIMAL UNIVERSAL
Número de la Clasificación Decimal Universal 821.111(73)-31"19"
100 1# - ENTRADA PRINCIPAL--NOMBRE DE PERSONA
Nombre de persona Robbins, Harold.
9 (RLIN) 97787
245 10 - MENCIÓN DEL TÍTULO
Título Pirañas /
Mención de responsabilidad, etc. Harold Robbins ; traducción de Enric Tremps.
250 ## - MENCION DE EDICION
Mención de edición 1ª ed.
260 ## - PUBLICACIÓN, DISTRIBUCIÓN, ETC.
Lugar de publicación, distribución, etc. Barcelona :
Nombre del editor, distribuidor, etc. Planeta,
Fecha de publicación, distribución, etc. 1991.
300 ## - DESCRIPCIÓN FÍSICA
Extensión 235 p. ;
Dimensiones 22 cm.
490 1# - MENCIÓN DE SERIE
Mención de serie Colección contemporánea (Editorial Planeta) ;
Designación de volumen o secuencia 153
RLIN 235473
700 1# - ENTRADA AGREGADA--NOMBRE PERSONAL
Nombre de persona Tremps, Enric.
9 (RLIN) 111309
852 4# - LOCALIZACIÓN
Ubicación ES-MaACL
Número de control de estantería A-14737
itemnumber 197707
Sublocalización o colección R.152141
Ubicación en estantería Depósito 1
Signatura antigua Olim: N-7737
Donativo/Legado Donación: José Lázaro
903 ## - NOMBRE PERSONAL DE DONANTE
9 234219
a Lázaro García, José
e Donante
942 ## - ELEMENTOS DE ENTRADA SECUNDARIOS (KOHA)
Fuente del sistema de clasificación o colocación Clasificación decimal universal
Tipo de ítem Koha Libro impreso
Holdings
Estatus retirado Estado de pérdida Fuente del sistema de clasificación o colocación Estado de daño No para préstamo Biblioteca de origen Biblioteca actual Ubicación en estantería Fecha de adquisición Fuente de adquisición Total de préstamos Signatura topográfica completa Código de barras Visto por última vez Precio de reemplazo Tipo de ítem Koha
    Clasificación decimal universal     Biblioteca del Ateneo de Madrid Biblioteca del Ateneo de Madrid Depósito 1 19/08/2021 Donación   A-14737 1202652 23/02/2023 23/02/2023 Libro impreso